| 000 | 00692nam a2200217 i 4500 | ||
|---|---|---|---|
| 001 | 49006 | ||
| 003 | ES-MaACL | ||
| 005 | 20240511063019.0 | ||
| 007 | t| | ||
| 008 | 030704s1961 sp d |||| | spa d | ||
| 080 | _a(038)=134.2'373.6 | ||
| 100 | 1 |
_aCoromines, Joan, _d1905-1997 _940667 |
|
| 245 | 1 | 0 |
_aBreve diccionario etimológico de la lengua castellana / _cJoan Corominas. |
| 260 |
_aMadrid : _bGredos, _c[1961] |
||
| 300 |
_a610 p. ; _c27 cm. |
||
| 490 | 0 |
_aBiblioteca románica hispánica. V. Diccionarios ; _v2 _9179266 |
|
| 650 | 7 |
_aLengua española- _xEtimología- _vDiccionarios _9162364 |
|
| 852 |
_aES-MaACL _jE-1470 |
||
| 942 | _2udc | ||
| 999 |
_c49006 _d49006 |
||